000 00790nam a2200121Ia 4500
008 220616s9999||||xx |||||||||||||| ||und||
100 _aGuthke, Karl S.
245 0 _aExploring the Interior
_bEssays on Literary and Cultural History
546 _aEnglish[eng]
650 _aEurope||Enlightenment||geographical exploration||indigenous populations||interest in human nature||exploration of the self||literary and cultural history||God||Johann Wolfgang von Goethe
856 _uhttps://library.oapen.org/bitstream/20.500.12657/29471/1/9781783743957.pdf||https://library.oapen.org/bitstream/20.500.12657/29471/1/9781783743957.pdf||https://library.oapen.org/bitstream/20.500.12657/29471/1/9781783743957.pdf||https://library.oapen.org/bitstream/20.500.12657/29471/1/9781783743957.pdf
942 _cEB
999 _c20832
_d20832